000 00929nam a22002417a 4500
999 _c10976
_d10976
003 AR-CdUCM
008 190402b ||||| |||| 00| 0 spa d
040 _aMUNICIPALIDAD PROVINCIAL DEL CUSCO
_cBIBLIOTECA MUNICIPAL DEL CUSCO
082 _a984.03 /
_bC88 / 1934
100 _aCrespo, Luis S.
_928069
245 _aEpisodios históricos de Bolivia :
_bTomo I conquista y colonización /
260 _c1934.
300 _a335 paginas ;
_bIlustraciones,
_c25 cm.
505 _aContenido : t.1 : Los tiempos primitivos -- El imperio de los incas -- El descubrimiento de América -- Conquista del imperio peruano -- Las fundaciones...
650 _aFundaciones de potosi
_928070
650 _aHistoria de Bolivia
_99688
650 _aSistema de gobierno
_93826
650 _aConquista del imperio
_928071
650 _aVida colonial
_928072
650 _aFundaciones religiosas
_928073
942 _2ddc
_cLIBROS
945 _awnts